000 00941nam a2200289 i 4500
001 82659
003 BD-RjUL
005 20240117121059.0
008 830301s1952 ka 00001 eng d
020 _a0192545027
035 _a(BD-RjUL)82659
035 _a644720
040 _cBD-RjUL
_aBD-RjUL
_beng
041 _aeng
082 0 _a823.8
_bDIP 1952
100 1 _aDickens, Charles,
_d1812-1870.
245 1 4 _aThe personal history of David Copperfield /
_cby Charles Dickens ; with forty illustrations by 'Phiz' ; and an introduction by R.H. Malden.
260 _aLondon :
_bOxford University Press,
_c1952.
300 _axix,877p. :
_bill. ;
_c20cm.
490 1 _aThe New Oxford illustrated Dickens
600 1 0 _aDickens, Charles,
_d1812-1870.
_tDavid Copperfield.
_910911
830 0 _aNew Oxford illustrated Dickens.
_910912
942 _2ddc
_cBK
999 _c82659
_d82659